000 00867cam a2200205 4500
001 X115103
008 011012n2001 000 0 eng u
035 _a(Sirsi) u115103
245 _aLloyds Bank plc v Burd Pearse and another
260 _c2001
490 _aEstates Gazette
_v[2001] 39 EG 167 (CS) (24/3/2001)
520 _aBank claiming solicitor's negligence in relation to mortgage transaction causing loss - whether action in tort statute-barred by virtue of Limitation Act 1980 s2 - whether running time postponed by s14A of Act - whether correct measure of damages adopted - judge allowing claim - appeal allowed
650 _aMORTGAGES
650 _aLIMITATION ACT 1980
650 _aLLOYDS BANK PLC V BURD PEARSE AND ANOTHER
650 _aNEGLIGENCE
650 _aSOLICITORS
690 _aPROFESSIONAL PRACTICE-NEGLIGENCE-CASE LAW
942 _n0
999 _c68560
_d68560